000 01254nam a2200265 a 4500
001 BRCA_983
005 20190320203230.0
008 870105s1985----mx-a---##c---f000-0#spa-#
020 _a9688374040 (Obra completa)
040 _aDLC
_cDLC
_dDLC
050 4 _aND259.C6
_b.V37 1985
100 1 _aVargas Lugo de Bosch, Elisa
_9656
245 1 0 _aJuan Correa
_bsu vida y su obra
_cElisa Vargas Lugo, José Guadalupe Victoria.
260 _aMéxico
_bUNAM, Instituto de Investigaciones Estéticas
_c1985-1994
300 _a5 v.
_bil. (algunas a color)
_c27 cm.
500 _aIncluye índice de nombres, índice de lugares, índice de obra pictórica, índice onomástico y lista de ilustraciones
504 _aIncluye referencias bibliográficas
505 0 _aContenido: v. 2. Catálogo (primera parte). -- v. 2. Catálogo (segunda parte). -- v. 3. Cuerpo de documentos. -- v. 4. Repertorio pictórico (primera parte). -- v. 4. Repertorio pictórico (segunda parte)
600 1 4 _aCorrea, Juan
_dca. 1650-1740?
_xCatálogo razonado
_93238
650 1 4 _aPintura mexicana
_xCatálogos
_93239
650 1 4 _aPintura colonial
_xCatálogos
_zMéxico
_93240
700 1 _aCorrea, Juan
_dca. 1650-1740?
_93241
700 1 _aVictoria, José Guadalupe
_93217
942 _2lcc
_cB
999 _c867
_d867